000 00310nam a2200133 i 4500
001 bg
100 1 _aSTOER, Josef.
245 0 _aWstęp do metod numerycznych.
_nT. 1 /
_cJ. Stoer.
260 _aWarszawa,
_c1979.
040 _cBPK
041 _apol
942 _cKS
008 s pl f |000 0 pol
999 _c18870
_d18870
856 _uhttp://koha.tu.koszalin.pl/cgi-bin/koha/opac-detail.pl?biblionumber=18870
_yKatalog online BPK